Top 10 des marques de tracteurs les plus vendus - Statistiques

Statistiques générales
  • Ce quiz a été pris 3 118 fois
    1 602 depuis la dernière actualisation
  • Le résultat moyen est 6 sur 10
Statistiques - réponses
Classement Réponse % Correct
1 John Deere
86%
2 New Holland
86%
3 Fendt
85%
4 Claas
84%
5 Massey Ferguson
65%
7 Valtra
56%
6 Case IH
52%
9 Kubota
52%
8 Deutz Fahr
36%
10 Same
10%
Aucun quiz correspondant
Distribution des résultats
% des personnes avec chaque résultat
Percentile par nombre de réponses
Votre historique - résultats
Vous n’avez pas pris ce quiz depuis la dernière actualisation